000 00414nam a2200181Ia 4500
005 20240823004927.0
008 240823s9999||||xx |||||||||||||| ||und||
041 _aENGLISH
082 _A418
100 _aRajinder S Dhillon
245 0 _aEnglish Vocabulary Improvement Course
250 _a1st
260 _b"Dhilon Pub,New "
500 _aYES
650 _aENG
_bEnglish
942 _cBK
999 _c154240
_d154240